Γνωστική ψυχολογία : μοντέλα μνήμης

Αποθηκεύτηκε σε:
Λεπτομέρειες βιβλιογραφικής εγγραφής
Κύριος συγγραφέας: Μπαμπλέκου, Ζωή
Μορφή: Βιβλίο
Γλώσσα:Greek
Δημοσίευση: Αθήνα : Gutenberg, 2011.
Θέματα:
Ετικέτες: Προσθήκη ετικέτας
Δεν υπάρχουν, Καταχωρήστε ετικέτα πρώτοι!

MARC

LEADER 00000cam a2200000 a 4500
001 1/123100
008 210531s2011####gr ||||||| |||| ||gre||
020 |a 9789600114058 
040 |a GR-MyUa  |b gre  |c GR-MyUa  |e AACR2 
041 0 |a gre 
082 7 |a 153  |2 (23) 
100 1 |a Μπαμπλέκου, Ζωή. 
245 1 0 |a Γνωστική ψυχολογία :   |b μοντέλα μνήμης /   |c Ζωή Μπαμπλέκου.  
260 |a Αθήνα :   |b Gutenberg,   |c 2011.  
300 |a 189 σ. ;   |c 24 εκ.  
650 0 |a Cognitive psychology 
852 |a INST  |b LESVOS  |c EUDOXUS  |e 20210531  |h 153 ΜΠΑ  |p 005100063248  |q 005100063248  |t EDX  |y 0 
920 |a Εύδοξος  |b Παραγγελία  |y Λέσβος-ΤΚ  |z 2021-05 
970 |a Δημάκη  |b Μαρία  |z 31-05-2021